000 00753nam a22001817a 4500
999 _c100301
_d100301
008 201130b ||||| |||| 00| 0 eng d
040 _bger
_cDE-2950
_erda
_aDE-2950
041 _ager
100 _aWestermann, Jacqueline:
245 _aHelene-Strand voll gesperrt.
_bGesundheitsgefahr: Das Landesamt für Bergbau, Geologie und Rohstoffe hat die Sperrung von Uferabschnitten angeordnet. Vorerst herrscht Badeverbot /
_cJaqueline Westermann
653 _aFrankfurt (Oder)
653 _aHelenesee
773 _dFrankfurt (Oder): Märkisches Verlags- und Druckhaus GmbH & Co KG
_g32. Jahrgang (2021) Nr. 117 vom 22./23.05.2021, S. 17: Foto
_tMärkische Oderzeitung
942 _cA